| 000 | 00429nam a22001457a 4500 | ||
|---|---|---|---|
| 020 | _a0784401756 | ||
| 082 |
_a658.404 _bWIL _cL-39, P-91 |
||
| 100 |
_aWilliams, David J. _944719 |
||
| 245 |
_aPreparing for project management / _cDavid J Williams |
||
| 260 |
_aUSA : _bAmerican Society of Civil Engineers, _c1996. |
||
| 300 | _aix, 85 p. : | ||
| 526 |
_a0 _b0 _c0 _d658_404000000000000_WIL |
||
| 650 |
_aMCE _9379 |
||
| 942 |
_2ddc _cBK |
||
| 999 |
_c548427 _d548427 |
||